| 000 | 00456nam a22001817a 4500 | ||
|---|---|---|---|
| 003 | OSt | ||
| 005 | 20211108151646.0 | ||
| 008 | 211108b |||||||| |||| 00| 0 eng d | ||
| 020 | _a040810676 X | ||
| 040 | _cHAWASSA UNIVERSITY | ||
| 050 |
_a636.0892398/BUT _b1 |
||
| 082 |
_a636.0892398/BUT _b1 |
||
| 100 |
_aBUTTERY P.J. _917303 |
||
| 245 | _aPROTEIN DEPOSITION IN ANIMALS | ||
| 260 |
_aLONDON _bTORONTO _c1980 |
||
| 300 | _a305 | ||
| 942 |
_2ddc _cBOOKS _n0 |
||
| 999 |
_c17162 _d17162 |
||